An incident : and other happenings /

Bibliographic Details
Main Author: Elliott, Sarah Barnwell, 1848-1928
Format: Book
Language:English
Published: Freeport, N.Y. : Books for Libraries Press, [1969]
Series:Short story index reprint series.

MARC

Tag First Indicator Second Indicator Subfields
LEADER 00000cam a2200000 4500
001 in00000690821
005 20151016050222.0
008 691015r19691899nyua 00001 eng
010 |a  79094717  
020 |a 0836930967 
035 |a (OCoLC)00034691 
035 |9 ADA2621AM 
040 |a DLC  |c DLC  |d TXA  |d UtOrBLW 
049 |a TXAM  |c [636254] 
050 0 0 |a PZ3.E468  |b I5 
082 0 |a 813/.4 
100 1 |a Elliott, Sarah Barnwell,  |d 1848-1928. 
245 1 3 |a An incident :  |b and other happenings /  |c With illus. by W. T. Smedley. 
264 1 |a Freeport, N.Y. :  |b Books for Libraries Press,  |c [1969] 
300 |a 272 pages :  |b illustrations ;  |c 21 cm. 
336 |a text  |b txt  |2 rdacontent 
337 |a unmediated  |b n  |2 rdamedia 
338 |a volume  |b nc  |2 rdacarrier 
490 1 |a Short story index reprint series 
500 |a Reprint of the 1899 edition. 
505 0 |a An incident.--Miss Maria's revival.--Faith and faithfulness.--An ex-brigadier.--Squire Kayley's conclusions.--Without the courts.--Mrs. Gollyhaw's candy-stew.--Baldy. 
830 0 |a Short story index reprint series. 
999 |a MARS 
999 f f |s 9665ca23-8eca-39d1-8806-09a7fff327aa  |i 052ca37c-b947-3d68-bee1-6f194dc980da  |t 0 
952 f f |p ric  |a Texas A&M University  |b Rellis Campus  |c Joint Library Facility  |d Remote Storage  |t 0  |e PZ3.E468 I5  |h Library of Congress classification  |i unmediated -- volume  |m A14804224920 
998 f f |a PZ3.E468 I5  |t 0  |l Remote Storage